000 00410nam a2200181Ia 4500
001 2699
005 20260306144826.0
008 260306t2015||||xx |||||||||||||| ||spa||
041 _aESP
082 _a211.6
_bT27 T. 2
100 _aTaylor, Charles,
_eAUT
245 0 _aLa era secular
260 _c2015
300 _a765 páginas :
_c22 cm.
650 _aGEN
654 _aCHU
942 _cLIB
_dJUS
_fJUS
_2ddc
_n
999 _c2699
_d2699